000 00518nam a2200205Ia 4500
003 OSt
005 20221007112331.0
006 a|||||r|||| 00| 0
007 ta
008 221006b |||||||| |||| 00| 0 eng d
024 _a26,542
037 _cBound Volume
040 _aLCO
_cLCO
_beng
041 _2eng
_aeng
245 0 _aSUPREM COURT REPORTS
260 _aNagpur
_bAll India Reports India
_c1950
490 _v3 -2003 (supp)
942 _cCR
999 _c1196105
_d1196105